00292nam a2200109Ia 4500008004000000020001900040082001600059100001900075245004600094260003400140300000800174210210b1978 xxu||||| |||| 00| 0 eng d a0 14 00 3902 3 a823.91 MANM aMANN (Thomas). aMario and the magician and other stories. aEngland.bPenguin Booksc1978 a365